Top 10 artistes sur spotify - Statistiques

Statistiques générales
  • Ce quiz a été pris 175 fois
    11 depuis la dernière actualisation
  • Le résultat moyen est 6 sur 10
Statistiques - réponses
Classement Artiste % Correct
7 Drake
89%
6 Bad Bunny
78%
2 Justin Bieber
78%
9 Ariana Grande
67%
1 Bruno Mars
67%
4 Rihanna
67%
5 Taylor Swift
67%
3 The Weeknd
67%
8 Billie Eilish
22%
10 Ed Sheeran
11%
Aucun quiz correspondant
Distribution des résultats
% des personnes avec chaque résultat
Percentile par nombre de réponses
Votre historique - résultats
Vous n’avez pas pris ce quiz depuis la dernière actualisation